000 00627nam a22001817a 4500
005 20141119135158.0
008 141119b xxu||||| |||| 00| 0 eng d
020 _a971685644X
050 _aPL 5517
_b.J63 2005
100 _aJocson, Magdalena O.
245 _aFilipino 2 :
_bpagbasa at apagsulat tungo sa pananaliksik /
_cMagdalena O. Jocson, Patrocinio V. Villafuerte, and Cid V. Alcaraz.
260 _aQuezon City, Philippines :
_bLorimar Publishing Inc.,
_cc2005.
300 _a186 pages :
_billustrations ;
_c24 cm.
521 _aEducation
650 _aFilipino Laguage.
650 _aTeaching.
942 _2lcc
_cBK
_kFIL
999 _c276819
_d276819